Las religiones

Sábháilte in:
Sonraí bibleagrafaíochta
Príomhchruthaitheoir: Poupard, Paul (Údar)
Formáid: LEABHAR
Teanga:Spáinnis
Foilsithe / Cruthaithe: Barcelona Herder 1989
Eagrán:1a. ed
Ábhair:
Clibeanna: Cuir clib leis
Níl clibeanna ann, Bí ar an gcéad duine le clib a chur leis an taifead seo!

MARC

LEADER 00000cam a2200000 a 4500
001 UCK0451
003 CL-VaPUC
008 041008e19890000SP |||||||||||||||||spa|d
020 |a 8425416531 
082 0 4 |a 200  |b POU  |2 21 
100 0 |a Poupard, Paul  |e author  |9 488414 
245 1 4 |a Las religiones 
250 |a 1a. ed 
300 |a 140 p 
942 |c BK 
945 |d 20041008 00:00:00  |a vberengu 
260 |a Barcelona  |b Herder  |c 1989 
650 0 |a Teología cristiana  |9 308336 
650 0 |a Creencias religiosas   |9 373391 
583 |a last modification  |c 20140630 08:54:12  |k Rodrigo Vera 
999 |c 310889  |d 310887 
952 |0 0  |1 0  |4 0  |6 200_000000000000000_POU_1989  |7 0  |8 A  |9 379931  |a BIBTEO  |b BIBTEO  |d 2019-11-21  |i 4069218  |o 200 POU 1989  |p 4069218  |r 2025-01-17  |w 2019-11-21  |y BK  |k ICR 
952 |0 0  |1 0  |3 erb  |4 0  |6 200_000000000000000_POU_1989  |7 0  |8 A  |9 379932  |a BIBTEO  |b BIBTEO  |i 5085268  |o 200 POU 1989  |p 5085268  |r 2025-01-17  |w 2019-11-21  |y BK  |z Catalogado en:20140703  |k ICR